00625nam a2200241 a 4500001001300000003000900013005001700022008003800039020001000077082001600087100001800103245001600121260001300137300000900150500003500159505001000194650003500204700001800239902000800257942000700265952009600272999001500368nice12345678IN_TiNIC20260116011449.0050524s1912 a grp 000 0 per  ac10000a891.51bBEG aBeg, Lutf Ali aAatish Kada abc1912 a456p aincludes index and biblioraphy2 aIndex aPersian Poetry-Hairat Badayuni1 aBeg, Lutf Ali bSRS cBK 00104070aHMIbHMId2007-06-01g100.00l0o891.51 BEGp4519r2007-06-01w2026-01-16yARB c1766d1766